000 00452nam a2200193Ia 4500
005 20240823013731.0
008 240823s9999||||xx |||||||||||||| ||und||
020 _a81-203-1576-6
041 _aENGLISH
082 _A574.5222 P3
100 _a"Banerji,Samir K"
245 0 _aEnvironmental Chemistry
250 _a2nd
260 _c2003
_b"PHI,New D"
500 _aTRANSFERED
650 _aChemistry
_bChemistry
942 _cBK
999 _c168074
_d168074